000 01506nam a2200241Ia 4500
001 b5324-35377
003 IT-MiCISF
005 20230301144324.0
008 161014s9999||||xx |||||||||||||| ||und||
040 _aIT-MiCISF
_cIT-MiCISF
041 _ait
100 _aBotti Caterina, Rufo Fabrizio (a cura di)
_959472
245 0 _aBioetica: discipline a confronto.
_bLe responsabilità della scienza nella società moderna
260 _a Roma,
_bEdiesse,
_c2002
300 _app. 286
500 _a / bioetica, società, storia, servizi-sanitari, salute, nascita, procreazione-artificiale, clonazione, morte, genetica /
520 _a L'avanzamento della ricerca biomedica ha messo a disposizione una serie di nuovi strumenti e pratiche riguardanti la nascita, la morte, la cura. I saggi contenuti in questo volume rielaborano alcune delle lezioni tenute da studiosi provenienti da tutta Italia al Corso di perfezionamento in bioetica dell'Università La Sapienza, che spaziano dai problemi riguardanti i settori più avanzati della ricerca scientifica a quelli più quotidiani, con i quali ci confrontiamo sempre più frequentemente.
650 _abioetica
_e011
_956169
654 _asaggio
700 _aLecaldano E., Berlinguer G., Neri D., Oliverio A., Rufo F., Figà-Talamanca I., Botti C., Boccia M.L., Balistreri M., Borsellino P., Mitello L., Viafora C., Bartolommei S., Petrozzi M., Nebbia G., Di Mauro E., Spedini G., Conti P., Tagliagambe S.
_959473
942 _cBK
_2ddc
999 _c211836
_d211836
999 _bsi